Schuld und Sühne. (Raskolnikow.) Romanaus dem Ruffischen der F. M. Dostojewskij. Nach der siebenten Auflage übersebt von Hans Moser

Detalles Bibliográficos
Autor principal: Distoevskii, Fedor Mikhaïlovich, 1821-1881
Otros Autores: Moser, Hans, 1857-1917
Formato: Libro
Lenguaje:German
Publicado: Leipzig : Duck und Berlag von Philipp Reclam jun., 18--
Materias:
Colección:Banco de datos
Acervo:Universidad Autónoma Benito Juárez de Oaxaca. Biblioteca Francisco de Burgoa. Colección histórica
Descripción Física:703 p. ; 13.5 cm.
Tema general:Literatura universal
Notas:Portada tipográfica con caracteres góticos y plecas. Texto a renglón seguido con caracteres góticos, paginación en números arábigos, cornisas y signaturas. Encuadernación en tela sobre cartón. Sello en tinta de la Biblioteca General de la Universidad Benito Juárez de Oaxaca, Oax. Daños por polilla
LEADER 01086nam a22001810004500
035 |a 4978 
041 0 |a ger 
100 1 |a Distoevskii, Fedor Mikhaïlovich, 1821-1881 
245 1 0 |a Schuld und Sühne. (Raskolnikow.) Romanaus dem Ruffischen der F. M. Dostojewskij. Nach der siebenten Auflage übersebt von Hans Moser 
260 |a Leipzig : Duck und Berlag von Philipp Reclam jun., 18-- 
300 |a 703 p. ; 13.5 cm.  
500 |a Portada tipográfica con caracteres góticos y plecas. Texto a renglón seguido con caracteres góticos, paginación en números arábigos, cornisas y signaturas. Encuadernación en tela sobre cartón. Sello en tinta de la Biblioteca General de la Universidad Benito Juárez de Oaxaca, Oax. Daños por polilla 
650 1 0 |a Literatura universal 
700 1 |a Moser, Hans, 1857-1917 
852 |a Universidad Autónoma "Benito Juárez" de Oaxaca, Biblioteca Francisco de Burgoa, Colección histórica 23955 
942 |c BURHIS 
943 |g Universidad Autónoma Benito Juárez de Oaxaca. Biblioteca Francisco de Burgoa. Colección histórica 
999 |c 1123821  |d 1123821